• 首页
  • 本馆介绍
  • 公告通知
  • 最新文献
  • 馆藏检索
  • 电子资源
  • 读者导购
  • 参考咨询
  • 我的图书馆
  • 登录
  • 详细信息显示
  • 放入我的书架
  • 预约/预借图书
  • 作者相关作品
  • 分类相关作品
  • 丛书相关作品
  • 出版社相关作品

书目信息

  • 表格格式
  • 工作单格式
  • 卡片格式
题名:
偏序集与数据包络分析
    
 
作者: 马占新 著
分册:  
出版信息: 北京   科学出版社  2013
页数: 252页
开本: 24cm
丛书名:
单 册:
中图分类: O153.1 , O212.1
科图分类:
主题词: 偏序集 , 统计数据--统计分析 , 偏序集 , 统计数据 , 统计分析
电子资源:
ISBN: 978-7-03-038877-3
000 00906nam0 2200301 450
001 519
005 20140910083703.62
010    @a978-7-03-038877-3@dCNY78.00
100    @a20131217d2013 em y0chiy50 ea
101 0  @achi
102    @aCN@b110000
105    @ay z 001yy
106    @ar
200 1  @a偏序集与数据包络分析@APian Xu Ji Yu Shu Ju Bao Luo Fen Xi@f马占新著@FMa Zhan Xin Zhu
210    @a北京@c科学出版社@d2013
215    @a252页@d24cm
300    @a数据包络分析 第四卷
330    @a本书旨在研究偏序集的基本理论,探索偏序集与包络分析(DEA)之间的关系,并为进一步应用偏序集理论研究DEA方法提供理论基础。
606 0  @a偏序集
606 0  @a统计数据@x统计分析
606 0  @a偏序集
606 0  @a统计数据
606 0  @a统计分析
690    @aO153.1@v5
690    @aO212.1@v5
701  0 @a马占新@AMa Zhan Xin@4著
801  0 @aCN@bTANGWEI@c20140603
905    @b0837931-33@dO153.1@e53@f3
    
    偏序集与数据包络分析/马占新著.-北京:科学出版社,2013
    252页;24cm
    数据包络分析 第四卷
    
    ISBN 978-7-03-038877-3:CNY78.00
    本书旨在研究偏序集的基本理论,探索偏序集与包络分析(DEA)之间的关系,并为进一步应用偏序集理论研究DEA方法提供理论基础。
●
相关链接 在E读中查询图书 在五车中查询图书 在当当中查询图书 在豆瓣中查询图书


正题名:偏序集与数据包络分析     索取号:O153.1/53         预约/预借

序号 登录号 条形码 馆藏地/架位号 状态 备注
1 0837931   208379315   第二样本阅览室/ [索取号:O153.1/53] 在馆    
2 0837932   208379324   第三借阅区/ [索取号:O153.1/53] 在馆    
3 0837933   208379333   数信系资料室/ [索取号:O153.1/53] 在馆    
唐山师范学院图书馆 欢迎您!
大连网信软件有限公司© 版权所有